Who sung this lyric? - Statistics

General Stats
  • This quiz has been taken 10 times
  • The average score is 5 of 16
Answer Stats
Hint Answer % Correct
Fly me to the moon,Let me play among the stars Frank Sinatra
100%
House party nearby, bringing weird guys Bladee
38%
[Non-Lyrical Vocals] Ecco2k
38%
I wanna be the next SNL cast member Jake Novak
38%
If you really wanna try, we will run you over I been coughing up blood, dyin' at McDonald’s Sematary
38%
They hatin', they stankin', they waitin' Don't be mistaken, we dyin', they stayin' Travis Scott
38%
I been exploring these schools They're abandoned, but i still go Abandoned Explored
25%
I keep a cutter like Nevada Cutter like Nevada Cutter like Nevada, cutter like Nevada Cutter like Nevada, cutter like Nevada Cutter like Nevada, cutter like Nevada Ghost Mountain
25%
Look at ya, look at ya, look at ya, look at ya Kanye West
25%
Just a perfect day,Drink sangria in a park Lou Reed
25%
He's right... I am a murderer. But until six months ago, I was just an ordinary high school girl Machine Girl
25%
Badabayo bado! Woop Woop! Cocteau Twins
13%
O o o o o o o o o o o o o o o o o o o o o o o o o o o o oo o o o o o o o o o o o o o o o o o o o o o o o o o o o o OMFG
13%
In Heaven, everything is fine Radiator Woman
13%
First time I watched I Am Legend I cried Especially the part when his dog died RXK NEPHEW
13%
The crime boss John Gotti has been sentenced to life in prison with no parole. Gotti was said to be the most powerful crime figure in America, he was certainly the most visible and the most flamboyant. And he used to have a reputation for being untouchable. RX PAPI
13%
No matching quizzes found
Score Distribution
Percent of People with Each Score
Percentile by Number Answered
Your Score History
You have not taken this quiz